| 000 | 00764nam a2200217Ia 4500 | ||
|---|---|---|---|
| 008 | 191130s2009##################000#0#eng## | ||
| 020 | _a9781412807982 | ||
| 022 | _a2009010419 | ||
| 040 |
_aACL _cACL |
||
| 082 | _a184 FOR.15 | ||
| 245 |
_aHeraclides of Pontus : discussion _cWilliam W. Fortenbaugh and Elizabeth Pender [editors] |
||
| 260 |
_aNew Brunswick, NJ _bTransaction Publishers _cc2009 |
||
| 300 | _axxvi, 324 p. : ill. ; 24 cm | ||
| 500 | _aIncludes bibliographical references and index. English and Italian | ||
| 650 | _aHeraclides, Ponticus, ca. 390-310 B.C - Criticism and interpretation | ||
| 700 | _aFortenbaugh, William W | ||
| 700 | _aPender, E. E | ||
| 990 | _a3634a0bcac10000c3f443ae57d6ca23b | ||
| 991 | _a288729 | ||
| 999 |
_c203898 _d203898 |
||